| 000 | 00586nam a2200205Ia 4500 | ||
|---|---|---|---|
| 005 | 20250508160944.0 | ||
| 008 | 008 250505s9999 xx 000 0 eng d | ||
| 020 | _a0-07-019236-7 | ||
| 037 | _aTextual | ||
| 040 |
_aFEDL _beng _cFEDL |
||
| 041 |
_aeng _2eng |
||
| 084 |
_a001.64, ELL _qFEDL |
||
| 100 |
_aEllis Allan B _9769850 |
||
| 245 | 0 | _aUse and misuse of computer in education | |
| 260 |
_aNew York, USA _bMcGraw Hill Book Company _c1974 |
||
| 300 | _axiii,226p. | ||
| 650 | _aComputer Science | ||
| 942 |
_cTEXL _h001.64, ELL |
||
| 999 |
_c1367606 _d1367606 |
||